MARC details
| 000 -CABECERA |
| campo de control de longitud fija |
02178nam a2200325 i 4500 |
| 001 - NÚMERO DE CONTROL |
| campo de control |
000003609 |
| 003 - IDENTIFICADOR DEL NÚMERO DE CONTROL |
| campo de control |
DO-SdBNP |
| 005 - FECHA Y HORA DE LA ÚLTIMA TRANSACCIÓN |
| campo de control |
20260321073638.0 |
| 007 - CAMPO FIJO DE DESCRIPCIÓN FÍSICA--INFORMACIÓN GENERAL |
| campo de control de longitud fija |
ta |
| 008 - DATOS DE LONGITUD FIJA--INFORMACIÓN GENERAL |
| campo de control de longitud fija |
090711s2003 dr 001 0 spa d |
| 020 ## - NÚMERO INTERNACIONAL ESTÁNDAR DEL LIBRO |
| Número Internacional Estándar del Libro |
9993476773 |
| 040 ## - FUENTE DE LA CATALOGACIÓN |
| Centro catalogador/agencia de origen |
DO-SdBNP |
| Lengua de catalogación |
spa |
| Centro/agencia transcriptor |
BNPHU |
| Normas de descripción |
rda |
| 082 #4 - NÚMERO DE LA CLASIFICACIÓN DECIMAL DEWEY |
| Número de clasificación |
972.93053 |
| Número de documento/Ítem |
B742t, 2003 |
| Número de edición |
22 |
| 100 1# - ENTRADA PRINCIPAL--NOMBRE DE PERSONA |
| Nombre de persona |
Bosch, Juan, |
| Fechas asociadas al nombre |
1909-2001 |
| Término indicativo de función/relación |
autor |
| Código de función/relación |
aut. |
| 9 (RLIN) |
76555 |
| 245 10 - MENCIÓN DE TÍTULO |
| Título |
Trujillo : |
| Resto del título |
causas de una tiranía sin ejemplo / |
| Mención de responsabilidad, etc. |
Juan Bosch ; edición Rafael Julián, Diómedes Núñez Polanco |
| 250 ## - MENCIÓN DE EDICIÓN |
| Mención de edición |
Decima edición |
| 264 #1 - PRODUCCIÓN, PUBLICACIÓN, DISTRIBUCIÓN, FABRICACIÓN Y COPYRIGHT |
| Producción, publicación, distribución, fabricación y copyright |
Santo Domingo : |
| Nombre del de productor, editor, distribuidor, fabricante |
Alfa & Omega, |
| Fecha de producción, publicación, distribución, fabricación o copyright |
2003. |
| 300 ## - DESCRIPCIÓN FÍSICA |
| Extensión |
190 páginas ; |
| Dimensiones |
22 cm. |
| 336 ## - TIPO DE CONTENIDO |
| Término de tipo de contenido |
texto |
| Código de tipo de contenido |
txt |
| Fuente |
rdacontent |
| 337 ## - TIPO DE MEDIO |
| Nombre/término del tipo de medio |
sin mediación |
| Código del tipo de medio |
n |
| Fuente |
rdamedia |
| 338 ## - TIPO DE SOPORTE |
| Nombre/término del tipo de soporte |
volumen |
| Código del tipo de soporte |
nc |
| Fuente |
rdacarrier |
| 505 0# - NOTA DE CONTENIDO CON FORMATO |
| Nota de contenido con formato |
Dedicatoria -- |
| Título |
Prólogo a la segunda edición -- |
| -- |
Introducción -- |
| -- |
El origen psicológico -- |
| -- |
Origen de la deformación social dominicana -- |
| -- |
La sociedad colonial y la psicología de Trujillo -- |
| -- |
Trujillo y la división en gente de primera y gente de segunda -- |
| -- |
La venganza de un hombre de segunda -- |
| -- |
La venganza de un hombre de segunda -- |
| -- |
EL origen biológico -- |
| -- |
El abandono de La Española: sus consecuencias para el país -- |
| -- |
La isla dividida: nacimiento de Haití -- |
| -- |
La arritmia histórica dominicana -- |
| -- |
La simiente materna de Trujillo llegó con la Ocupación Haitiana de 1822 -- |
| -- |
Nacimiento de Trujillo bajo el signo de la tiranía -- |
| -- |
De las luchas civiles a la Ocupación Norteamerica de 1916 -- |
| -- |
Trujillo: fruto de tres invasiones militares -- |
| -- |
La conquista del poder político -- |
| -- |
La empresa capitalista llamada República Dominicana -- |
| -- |
De dictador a propietario del país -- |
| -- |
El gobierno al servicio de la empresa -- |
| -- |
Psicología de los dominicanos -- |
| -- |
Epílogo -- |
| -- |
Conclusiones -- |
| -- |
Post Scriptum. |
| 590 ## - NOTA LOCAL (RLIN) |
| Nota local |
Inventariado, 2025/BT |
| 600 10 - PUNTO DE ACCESO ADICIONAL DE MATERIA--NOMBRE DE PERSONA |
| Nombre de persona |
Trujillo Molina, Rafael Leónidas, |
| Fechas asociadas al nombre |
1891-1961 |
| 9 (RLIN) |
76764 |
| 651 #4 - PUNTO DE ACCESO ADICIONAL DE MATERIA--NOMBRE GEOGRÁFICO |
| Nombre geográfico |
República Dominicana -- |
| Subdivisión general |
Historia -- |
| Subdivisión cronológica |
Descubrimiento y conquista, 1492-1503 |
| 9 (RLIN) |
255 |
| 700 1# - PUNTO DE ACCESO ADICIONAL--NOMBRE DE PERSONA |
| Nombre de persona |
Julián, Rafael, |
| Término indicativo de función/relación |
editor |
| Código de función/relación |
ed. |
| 9 (RLIN) |
481 |
| 700 1# - PUNTO DE ACCESO ADICIONAL--NOMBRE DE PERSONA |
| Nombre de persona |
Núñez Polanco, Diómedes, |
| Código de función/relación |
ed. |
| Término indicativo de función/relación |
editor |
| 9 (RLIN) |
87407 |
| 910 ## - DATOS DE OPCIÓN DEL USUARIO (OCLC) |
| Datos de opción del usuario |
Validado. Control de calidad MFF |
| 942 ## - ELEMENTOS DE PUNTO DE ACCESO ADICIONAL (KOHA) |
| Fuente del sistema de clasificación o colocación |
Dewey Decimal Classification |
| Tipo de ítem Koha |
Libro |